Statistics for Geopolitical Figures in the mid to late 20th Century

Click here to take the quiz!

General Stats

  • This quiz has been taken 89 times
    (83 since last reset)
  • The average score is 7 of 25

Answer Stats

Answer% Correct
Dalai Lama
86%
Mother Teresa
85%
Gamal Abdel Nasser
49%
Benazir Bhutto
46%
Leonid Brezhnev
46%
Desmond Tutu
41%
Suharto
39%
Aung San Suu Kyi
38%
Jawaharlal Nehru
36%
Augusto Pinochet
34%
Corazon Aquino
24%
Erich Honecker
24%
Mohammad Reza Pahlavi
24%
Menachem Begin
23%
Konrad Adenauer
20%
Lech Wałęsa
19%
Clement Attlee
16%
Syngman Rhee
15%
António de Oliveira Salazar
14%
Kwame Nkrumah
14%
Enver Hoxha
12%
Olof Palme
12%
Zhou Enlai
12%
Chiune Sugihara
4%
José Ramos-Horta
4%

Score Distribution

Percentile by Number Answered

Percent of People with Each Score

Your Score History

You have not taken this quiz since the last reset